书目信息 |
| 题名: |
渤海生态环境监测图集
|
|
| 作者: | 曲克明, 主编 | |
| 分册: | ||
| 出版信息: | 北京 科学出版社 2019 |
|
| 页数: | 347页 | |
| 开本: | 29cm | |
| 丛书名: | ||
| 单 册: | ||
| 中图分类: | X834-64 | |
| 科图分类: | ||
| 主题词: | ||
| 电子资源: | ||
| ISBN: | 978-7-03-046808-6 | |
| 000 | 00932cam0 2200253 45 | |
| 001 | 012001003583 | |
| 005 | 20140102140951.0 | |
| 010 | @a978-7-03-046808-6@dCNY280.00 | |
| 099 | @aCAL 012016062709 | |
| 100 | @a20160526d2016 em y0chiy50 ea | |
| 101 | 0 | @achi |
| 102 | @aCN@b110000 | |
| 105 | @aab z 000yy | |
| 106 | @ar | |
| 200 | 1 | @a渤海生态环境监测图集@Abo hai sheng tai huan jing jian ce tu ji@d= Altas of eco-environment in the Bohai Sea@f曲克明主编@zeng |
| 210 | @a北京@c科学出版社@d2019 | |
| 215 | @a347页@c彩图, 地图@d29cm | |
| 330 | @a本书包含了2013-2014年渤海生态环境监测要素的分布图,每年度监测包括海水环境、沉积环境和生物环境三个方面。 | |
| 510 | 1 | @aAltas of eco-environment in the Bohai Sea@zeng |
| 607 | @a渤海@Abo hai@x生态环境@x环境监测@x海洋监测@j图集 | |
| 690 | @aX834-64@v5 | |
| 701 | 0 | @a曲克明,@AQu Keming@f1964-@4主编 |
| 801 | 2 | @aCN@b北京卓展@c20191020 |
| 905 | @b1212189-90@dX834-64@e311@f2 | |
| 渤海生态环境监测图集= Altas of eco-environment in the Bohai Sea/曲克明主编.-北京:科学出版社,2019 |
| 347页:彩图, 地图;29cm |
| ISBN 978-7-03-046808-6:CNY280.00 |
| 本书包含了2013-2014年渤海生态环境监测要素的分布图,每年度监测包括海水环境、沉积环境和生物环境三个方面。 |
| ● |
| 相关链接 |
|
|
|
|
正题名:渤海生态环境监测图集
索取号:X834-64/311
 
预约/预借
| 序号 | 登录号 | 条形码 | 馆藏地/架位号 | 状态 | 备注 |
| 1 | 1212189 | 212121899 | 第二样本阅览室/ [索取号:X834-64/311] | 在馆 | |
| 2 | 1212190 | 212121906 | 第三借阅区/ [索取号:X834-64/311] | 在馆 |